000
00275nam a2200109Ia 4500
008
190914s9999||||xx |||||||||||||| ||und||
100
_a
Gilbert A Churchill JR
245
0
_a
Basic Marketing Research
260
_a
New Jersey
_b
Prentice Hall
_c
1995
300
_a
560
942
_c
BK
999
_c
9405
_d
9405